[Event "HUN-chT2 Barcza 1415"]
[Site "Hungary"]
[Date "2014.12.05"]
[Round "?"]
[White "Csatlos, Roland"]
[Black "Zoltan, Lajos"]
[Result "1-0"]
[WhiteElo "2024"]
[BlackElo "1988"]
[PlyCount "51"]
[EventDate "2014.09.07"]
[EventType "team-tourn"]
[EventRounds "11"]
[EventCountry "HUN"]
[SourceTitle "EXT 2016"]
[Source "ChessBase"]
[SourceDate "2015.10.08"]
[SourceVersion "1"]
[SourceVersionDate "2015.10.08"]
[SourceQuality "1"]
[WhiteTeam "Kazincbarcika"]
[BlackTeam "Nadudvar"]
[WhiteTeamCountry "HUN"]
[BlackTeamCountry "HUN"]

1. e4 e6 2. Nf3 d5 3. e5 c5 4. b4 cxb4 5. a3 Nc6 6. axb4 Bxb4 7. c3 Be7 8. d4 f6 9. Bd3 f5 10. h4 g6 11. g4 h5 12. gxf5 gxf5 13. Ng5 Bxg5 14. Bxg5 Qc7 15. Na3 Nxe5 16. dxe5 Qxc3+ 17. Kf1 Qxe5 18. Nb5 Bd7 19. Qa4 Kf7 20. Re1 Qb8 21. Qd4 Bxb5 22. Bxb5 Rh7 23. Bd7 Qd6 24. Bxe6+ Kf8 25. Bxf5 Rf7 26. Re6 1-0

[Event "HUN-chT2 Barcza 1314"]
[Site "Hungary"]
[Date "2014.02.16"]
[Round "7"]
[White "Csatlos, Roland"]
[Black "Orban, Vasile Gheorghe"]
[Result "1-0"]
[WhiteElo "2000"]
[BlackElo "2080"]
[PlyCount "53"]
[EventDate "2013.09.08"]
[EventType "team-tourn"]
[EventRounds "11"]
[EventCountry "HUN"]
[SourceTitle "EXT 2016"]
[Source "ChessBase"]
[SourceDate "2015.10.08"]
[SourceVersion "1"]
[SourceVersionDate "2015.10.08"]
[SourceQuality "1"]
[WhiteTeam "Kazincbarcika"]
[BlackTeam "Hajduszoboszlo"]
[WhiteTeamCountry "HUN"]
[BlackTeamCountry "HUN"]

1. e4 e6 2. Nf3 d5 3. e5 Ne7 4. d4 Ng6 5. h4 Be7 6. Bd3 Nxh4 7. Nxh4 Bxh4 8. Qg4 Bxf2+ 9. Kxf2 g6 10. Bg5 Qd7 11. Bf6 h5 12. Bxg6 Rg8 13. Rxh5 fxg6 14. Rh3 Qf7 15. Rf3 Qh7 16. Rh3 Qf7 17. Kg1 Nd7 18. Bg5 Qf5 19. Qh4 Qf7 20. Nc3 Nf8 21. Rf1 Qg7 22. Bh6 Qh7 23. Rhf3 g5 24. Rxf8+ Rxf8 25. Rxf8+ Kd7 26. Qh5 Qxc2 27. Qe8# 1-0

[Event "HUN-chT2 Barcza 1213"]
[Site "Hungary"]
[Date "2013.03.24"]
[Round "9.7"]
[White "Kassay, Krisztian"]
[Black "Csatlos, Roland"]
[Result "1/2-1/2"]
[WhiteElo "1897"]
[BlackElo "1971"]
[PlyCount "30"]
[EventDate "2012.09.16"]
[EventType "team-tourn"]
[EventRounds "11"]
[EventCountry "HUN"]
[SourceTitle "EXT 2014"]
[Source "ChessBase"]
[SourceDate "2013.11.20"]
[SourceVersion "1"]
[SourceVersionDate "2013.11.20"]
[SourceQuality "1"]
[WhiteTeam "Miskolc Kisbocsok"]
[BlackTeam "Kazincbarcika"]
[WhiteTeamCountry "HUN"]
[BlackTeamCountry "HUN"]

1. e4 e6 2. d4 d5 3. Nc3 Bb4 4. e5 c5 5. Bd2 Nc6 6. a3 Bxc3 7. Bxc3 cxd4 8. Bxd4 Nge7 9. f4 g5 10. Qd2 gxf4 11. c3 Ng6 12. Nf3 Qc7 13. Bd3 Ngxe5 14. Nxe5 Nxe5 15. 0-0 f6 1/2-1/2

[Event "HUN-chT2 Maroczy 1112"]
[Site "Hungary"]
[Date "2012.05.20"]
[Round "11"]
[White "Wanger, Tamas"]
[Black "Csatlos, Roland"]
[Result "1-0"]
[WhiteElo "1845"]
[BlackElo "2043"]
[PlyCount "123"]
[EventDate "2011.09.25"]
[EventType "team-tourn"]
[EventRounds "11"]
[EventCountry "HUN"]
[SourceTitle "EXT 2013"]
[Source "ChessBase"]
[SourceDate "2012.11.22"]
[SourceVersion "1"]
[SourceVersionDate "2012.11.22"]
[SourceQuality "1"]
[WhiteTeam "Taban Spartacus"]
[BlackTeam "Kazincbarcika"]
[WhiteTeamCountry "HUN"]
[BlackTeamCountry "HUN"]

1. d4 d5 2. c4 e6 3. Nc3 c6 4. e3 Nd7 5. Nf3 Ngf6 6. Qc2 Be7 7. g4 dxc4 8. Bxc4 b5 9. Bd3 b4 10. Ne4 Bb7 11. Nxf6+ Nxf6 12. g5 Nd7 13. Rg1 c5 14. Be4 Qb6 15. Bxb7 Qxb7 16. Qe2 Rc8 17. b3 Qe4 18. Nd2 Qc2 19. Qc4 cxd4 20. Qxc2 Rxc2 21. exd4 0-0 22. Nc4 f6 23. g6 e5 24. Ne3 Rfc8 25. Nxc2 Rxc2 26. Be3 f5 27. Kd1 Rc3 28. gxh7+ Kxh7 29. dxe5 Nxe5 30. Rc1 Rd3+ 31. Ke2 Rd6 32. Bf4 Re6 33. Bxe5 Rxe5+ 34. Kf3 Ra5 35. Rc2 Bf6 36. Rd1 Be5 37. h3 Kg6 38. Rc4 Bc3 39. a4 Re5 40. Rc6+ Kh5 41. Ra6 Re7 42. Rad6 Kg5 43. Rd7 Re4 44. Rg1+ Kh6 45. Rxa7 g5 46. Rd1 Rf4+ 47. Kg2 Bd4 48. Ra6+ Kh5 49. Rd2 g4 50. hxg4+ Rxg4+ 51. Kf3 Rh4 52. Rd3 Kg5 53. Ke2 Re4+ 54. Kf1 Rf4 55. Rg3+ Kh5 56. f3 Rh4 57. Kg2 Be5 58. Rh3 Rxh3 59. Kxh3 Kg5 60. Re6 Bd4 61. a5 Kf4 62. Kg2 1-0

[Event "HUN-chT2 Maroczy 1112"]
[Site "Hungary"]
[Date "2012.03.11"]
[Round "7"]
[White "Fuad Kamel Jamaliah, Natalie"]
[Black "Csatlos, Roland"]
[Result "1-0"]
[WhiteElo "1942"]
[BlackElo "2043"]
[PlyCount "77"]
[EventDate "2011.09.25"]
[EventType "team-tourn"]
[EventRounds "11"]
[EventCountry "HUN"]
[SourceTitle "EXT 2013"]
[Source "ChessBase"]
[SourceDate "2012.11.22"]
[SourceVersion "1"]
[SourceVersionDate "2012.11.22"]
[SourceQuality "1"]
[WhiteTeam "Lila Futo"]
[BlackTeam "Kazincbarcika"]
[WhiteTeamCountry "HUN"]
[BlackTeamCountry "HUN"]

1. e4 e6 2. d4 d5 3. Nd2 Nc6 4. c3 e5 5. exd5 Qxd5 6. dxe5 Nxe5 7. Ngf3 Bg4 8. Qa4+ c6 9. Nxe5 Qxe5+ 10. Qe4 Bd6 11. Bc4 0-0-0 12. Qxe5 Bxe5 13. 0-0 f5 14. f3 Bh5 15. Be6+ Kc7 16. Nc4 Bd6 17. Nxd6 Kxd6 18. Rd1+ Ke7 19. Rxd8 Kxd8 20. Bg5+ Nf6 21. Bxf5 Re8 22. Rd1+ Ke7 23. Kf2 h6 24. Rd7+ Kf8 25. Bxf6 gxf6 26. Rxb7 Rd8 27. Rd7 Rb8 28. b3 Rb5 29. Be4 Ra5 30. a4 Bf7 31. c4 Ra6 32. Rc7 Rb6 33. Rxc6 Rxb3 34. Rxf6 Kg7 35. Ra6 Bxc4 36. Rxa7+ Kf6 37. a5 Rb2+ 38. Kg3 Bf1 39. f4 1-0

[Event "HUN-chT 1011"]
[Site "Hungary"]
[Date "2011.05.15"]
[Round "11"]
[White "Toth, Sarolta"]
[Black "Csatlos, Roland"]
[Result "0-1"]
[WhiteElo "2200"]
[BlackElo "2015"]
[PlyCount "104"]
[EventDate "2010.10.10"]
[EventType "team-tourn"]
[EventRounds "11"]
[EventCountry "HUN"]
[SourceTitle "EXT 2012"]
[Source "ChessBase"]
[SourceDate "2011.11.24"]
[SourceVersion "1"]
[SourceVersionDate "2011.11.24"]
[SourceQuality "1"]
[WhiteTeam "Decs"]
[BlackTeam "Kazincbarcika"]
[WhiteTeamCountry "HUN"]
[BlackTeamCountry "HUN"]

1. Nf3 Nf6 2. c4 g6 3. Nc3 Bg7 4. e4 d6 5. d4 Nbd7 6. Be3 Ng4 7. Bg5 h6 8. Bh4 g5 9. Bg3 c5 10. d5 Qa5 11. Qd2 Nge5 12. Nb5 Qb6 13. Nxe5 Nxe5 14. a4 a6 15. Nc3 Qb4 16. Bxe5 Bxe5 17. a5 f5 18. Qc2 b5 19. cxb5 Bxc3+ 20. bxc3 Qxe4+ 21. Qxe4 fxe4 22. b6 Bb7 23. Bc4 e6 24. Rd1 Ke7 25. Ke2 Rhf8 26. Rd2 Rf5 27. Rhd1 Raf8 28. dxe6 Rxf2+ 29. Ke3 Rxd2 30. Rxd2 Rf5 31. Be2 d5 32. Bg4 Rf4 33. h3 h5 34. Bxh5 Kxe6 35. g3 Rf1 36. Rf2 d4+ 37. cxd4 cxd4+ 38. Ke2 Rb1 39. Bg4+ Kd5 40. h4 gxh4 41. gxh4 e3 42. Rf7 Rb2+ 43. Kf1 Rb1+ 44. Kg2 d3 45. Rxb7 e2 46. Re7 e1Q 47. Rxe1 Rxe1 48. b7 Rb1 49. h5 d2 50. Kf2 Kd4 51. Bf3 Rxb7 52. Ke2 Kc3 0-1

[Event "HUN-chT U18"]
[Site "Miskolc"]
[Date "2010.11.05"]
[Round "7.5"]
[White "Csatlos, Roland"]
[Black "Havanecz, Bianka"]
[Result "1/2-1/2"]
[WhiteElo "2015"]
[BlackElo "1963"]
[PlyCount "120"]
[EventDate "2010.11.02"]
[EventType "team-swiss"]
[EventRounds "8"]
[EventCountry "HUN"]
[SourceTitle "EXT 2016"]
[Source "ChessBase"]
[SourceDate "2015.10.08"]
[SourceVersion "1"]
[SourceVersionDate "2015.10.08"]
[SourceQuality "1"]

1. e4 c5 2. d3 Nc6 3. g3 d6 4. Bg2 g6 5. Be3 Bg7 6. c3 Nf6 7. h3 0-0 8. Ne2 e5 9. 0-0 b6 10. Bg5 Qd7 11. Na3 h6 12. Bxf6 Bxf6 13. Nc4 Bb7 14. Ne3 Ne7 15. f4 exf4 16. Nxf4 Bg7 17. h4 Kh7 18. Qb3 Be5 19. Bh3 Qc7 20. h5 g5 21. Ne2 Ng8 22. Rf3 Bg7 23. Raf1 f6 24. Be6 Qe7 25. Nf5 Qc7 26. Nxg7 Qxg7 27. Bxg8+ Qxg8 28. Rxf6 Rxf6 29. Rxf6 d5 30. e5 Rf8 31. d4 Rxf6 32. exf6 Bc8 33. Qc2+ Kh8 34. Qg6 Qxg6 35. hxg6 c4 36. Kf2 Bf5 37. Ng1 Bxg6 38. Nf3 Kg8 39. Ne5 Be4 40. b3 cxb3 41. axb3 Bc2 42. b4 a5 43. bxa5 bxa5 44. Nc6 a4 45. Nb4 Bb3 46. Kf3 h5 47. c4 Bxc4 48. Nc2 Kf7 49. Na3 Kxf6 50. Nc2 Bb3 51. Na3 Kf5 52. g4+ hxg4+ 53. Kg3 Bd1 54. Nb5 Bf3 55. Nd6+ Ke6 56. Nb5 Kd7 57. Nc3 a3 58. Na2 Kc6 59. Kf2 Kb5 60. Ke3 Kc4 1/2-1/2

[Event "HUN-chT2 Barcza 1011"]
[Site "Hungary"]
[Date "2010.10.24"]
[Round "4.6"]
[White "Mizik, Zsolt"]
[Black "Csatlos, Roland"]
[Result "1-0"]
[WhiteElo "2092"]
[BlackElo "2027"]
[PlyCount "69"]
[EventDate "2010.09.12"]
[EventType "team-tourn"]
[EventRounds "11"]
[EventCountry "HUN"]
[SourceTitle "EXT 2012"]
[Source "ChessBase"]
[SourceDate "2011.11.24"]
[SourceVersion "1"]
[SourceVersionDate "2011.11.24"]
[SourceQuality "1"]
[WhiteTeam "Tiszavasvar"]
[BlackTeam "Kazincbarcika"]
[WhiteTeamCountry "HUN"]
[BlackTeamCountry "HUN"]

1. e4 e6 2. d4 d5 3. exd5 exd5 4. Bd3 Nc6 5. c3 Bd6 6. Ne2 Qf6 7. Be3 Nge7 8. Ng3 g6 9. 0-0 h5 10. Qc1 h4 11. Bg5 Qg7 12. Ne2 f6 13. Bf4 Bxf4 14. Qxf4 Bf5 15. Bxf5 Nxf5 16. Nd2 0-0-0 17. b4 Nce7 18. Nb3 g5 19. Qg4 Kb8 20. Nc5 Qf7 21. Rfe1 Nh6 22. Qe6 Rd6 23. Qxf7 Nxf7 24. Nf4 Nc6 25. Ng6 Rhd8 26. b5 Na5 27. Re7 Nh6 28. Rae1 a6 29. bxa6 b6 30. Ne6 Rg8 31. Nxc7 Nc6 32. Nb5 Rdd8 33. Rb7+ Kc8 34. Ne7+ Nxe7 35. Na7# 1-0

[Event "HUN-chT2 Barcza 1011"]
[Site "Hungary"]
[Date "2010.09.12"]
[Round "1.7"]
[White "Csatlos, Roland"]
[Black "Ujhazi, David"]
[Result "1-0"]
[WhiteElo "2027"]
[BlackElo "1862"]
[PlyCount "151"]
[EventDate "2010.09.12"]
[EventType "team-tourn"]
[EventRounds "11"]
[EventCountry "HUN"]
[SourceTitle "EXT 2012"]
[Source "ChessBase"]
[SourceDate "2011.11.24"]
[SourceVersion "1"]
[SourceVersionDate "2011.11.24"]
[SourceQuality "1"]
[WhiteTeam "Kazincbarcika"]
[BlackTeam "DEAC"]
[WhiteTeamCountry "HUN"]
[BlackTeamCountry "HUN"]

1. e4 d6 2. d4 Nf6 3. Nc3 g6 4. f3 Nbd7 5. Be3 a6 6. a4 Bg7 7. Qd2 0-0 8. 0-0-0 e5 9. d5 b6 10. Bh6 Nh5 11. g4 Bxh6 12. Qxh6 Nf4 13. h4 Qf6 14. Nge2 Nxe2+ 15. Bxe2 Qg7 16. Qd2 Nf6 17. h5 g5 18. h6 Qg6 19. Rdg1 Nd7 20. Bd3 f6 21. Nd1 Qf7 22. Ne3 Nc5 23. b3 Nxd3+ 24. cxd3 Bd7 25. Kb2 Rfb8 26. Rc1 Ra7 27. Rc2 Rbb7 28. Qf2 Ra8 29. Rhc1 Bc8 30. Rc6 b5 31. a5 Qe7 32. Nc2 Bd7 33. Rc3 Be8 34. Nb4 Kf8 35. Qe2 Raa7 36. Qd2 Kf7 37. R1c2 Kg6 38. Qh2 Kf7 39. Qg1 Ra8 40. Qc1 Raa7 41. Qe3 Ra8 42. Qd2 Kg6 43. Qh2 Kf7 44. Rc1 Kf8 45. Nc2 Kg8 46. Ne3 Bg6 47. R1c2 Kf8 48. Qd2 Kg8 49. d4 Rc8 50. Rc6 Ra8 51. Ka2 Kf7 52. dxe5 fxe5 53. Qc1 Raa7 54. Nd1 Kf6 55. Nf2 Be8 56. R6c3 Kg6 57. Qh1 Kf7 58. Nd1 Kf8 59. Nf2 Kf7 60. Nd3 Kf8 61. Nb4 Kf7 62. Rc1 Ra8 63. Nc2 Kf8 64. Ne3 Bg6 65. Rc6 Kf7 66. Nf5 Bxf5 67. gxf5 Raa7 68. Rg1 b4 69. Qh5+ Kf8 70. Rxg5 Rb5 71. Rg7 Rxa5+ 72. Kb2 Qf6 73. Rcxc7 Rxc7 74. Rxc7 Rc5 75. Rxh7 Kg8 76. Rg7+ 1-0

[Event "HUN-ch U16"]
[Site "Budapest"]
[Date "2010.07.04"]
[Round "9"]
[White "Egyed, Gabor"]
[Black "Csatlos, Roland"]
[Result "1/2-1/2"]
[WhiteElo "1935"]
[BlackElo "2041"]
[PlyCount "79"]
[EventDate "2010.06.26"]
[EventType "swiss"]
[EventRounds "9"]
[EventCountry "HUN"]
[SourceTitle "CBM 137 Extra"]
[Source "ChessBase"]
[SourceDate "2010.09.01"]
[SourceVersion "1"]
[SourceVersionDate "2010.09.01"]
[SourceQuality "1"]

1. e4 d6 2. d4 e5 3. Bc4 Nc6 4. Nf3 Be7 5. dxe5 dxe5 6. Bd5 Bd7 7. c3 Nf6 8. 0-0 0-0 9. Nbd2 Bd6 10. Nc4 Be6 11. Bg5 h6 12. Bxf6 Qxf6 13. Nxd6 cxd6 14. Bxc6 Bc4 15. Bd5 Bxf1 16. Qxf1 Qf4 17. Qe2 Kh8 18. g3 Qg4 19. Nd4 Qxe2 20. Nxe2 g6 21. Rd1 Kg7 22. b3 Rab8 23. Kf1 f5 24. Ng1 f4 25. Ke2 Rf6 26. Nf3 Rbf8 27. Rf1 fxg3 28. fxg3 b6 29. Nd2 Rxf1 30. Nxf1 Rc8 31. Bc4 Kf6 32. Ne3 Kg5 33. Nd5 Rf8 34. h3 h5 35. Nc7 Rc8 36. Nb5 Rd8 37. a4 h4 38. Nc7 Rc8 39. Ne6+ Kf6 40. g4 1/2-1/2

[Event "HUN-ch U16"]
[Site "Budapest"]
[Date "2010.07.03"]
[Round "8"]
[White "Csatlos, Roland"]
[Black "Makk, Norbert"]
[Result "1-0"]
[WhiteElo "2041"]
[BlackElo "1896"]
[PlyCount "117"]
[EventDate "2010.06.26"]
[EventType "swiss"]
[EventRounds "9"]
[EventCountry "HUN"]
[SourceTitle "CBM 137 Extra"]
[Source "ChessBase"]
[SourceDate "2010.09.01"]
[SourceVersion "1"]
[SourceVersionDate "2010.09.01"]
[SourceQuality "1"]

1. d4 d5 2. Nf3 Nf6 3. Bf4 Bf5 4. e3 e6 5. Bd3 Bg6 6. 0-0 Bd6 7. Ne5 c5 8. Bb5+ Ke7 9. Bg5 a6 10. Be2 cxd4 11. exd4 Qc7 12. Nxg6+ hxg6 13. h3 Bf4 14. Bxf6+ gxf6 15. Nd2 Bxd2 16. Qxd2 Nc6 17. c3 b5 18. a4 Qb6 19. axb5 axb5 20. b4 Rxa1 21. Rxa1 Rb8 22. Bd3 Rb7 23. Ra8 Rb8 24. Ra1 Rb7 25. Ra8 Rb8 26. Rxb8 Qxb8 27. Qe2 Na7 28. g3 Qb7 29. Qa2 Nc8 30. Qa5 Nd6 31. h4 Qc6 32. Qa7+ Qd7 33. Qc5 f5 34. Kg2 Kf6 35. f3 Kg7 36. Kf2 f6 37. Ke3 Kh6 38. g4 fxg4 39. fxg4 f5 40. gxf5 gxf5 41. Kf4 Kh5 42. Kg3 Qg7+ 43. Kh2 Qd7 44. Kh3 Ne4 45. Qxb5 Qe7 46. Be2+ Kh6 47. Qb8 Kh7 48. b5 Nf2+ 49. Kg2 Qxh4 50. Qh2 Qxh2+ 51. Kxh2 Ne4 52. b6 Nd6 53. Ba6 Kg6 54. b7 Nxb7 55. Bxb7 Kf6 56. Kg3 Kg5 57. Bc8 f4+ 58. Kf3 Kf5 59. Bd7 1-0

[Event "HUN-ch U16"]
[Site "Budapest"]
[Date "2010.06.26"]
[Round "1"]
[White "Diczko, Zsombor"]
[Black "Csatlos, Roland"]
[Result "1-0"]
[WhiteElo "1783"]
[BlackElo "2041"]
[PlyCount "55"]
[EventDate "2010.06.26"]
[EventType "swiss"]
[EventRounds "9"]
[EventCountry "HUN"]
[SourceTitle "CBM 137 Extra"]
[Source "ChessBase"]
[SourceDate "2010.09.01"]
[SourceVersion "1"]
[SourceVersionDate "2010.09.01"]
[SourceQuality "1"]

1. e4 e6 2. d3 d5 3. Qe2 Be7 4. Nf3 b6 5. g3 Bb7 6. Bg2 Nc6 7. 0-0 Qd7 8. Re1 0-0-0 9. e5 Rf8 10. c3 Nd8 11. a4 f5 12. exf6 Bxf6 13. b4 Re8 14. Bb2 e5 15. Rc1 Nh6 16. Na3 Rhf8 17. h3 Nf5 18. Ne1 Qf7 19. c4 Bg5 20. Rc2 e4 21. dxe4 dxe4 22. h4 Bh6 23. c5 e3 24. Bxb7+ Nxb7 25. f3 Nxg3 26. Qa6 Kb8 27. c6 Nd6 28. Nb5 1-0

[Event "HUN-chT2 Barcza 0910"]
[Site "Hungary"]
[Date "2010.02.14"]
[Round "6.6"]
[White "Kelemen, Gyorgy"]
[Black "Csatlos, Roland"]
[Result "0-1"]
[WhiteElo "2078"]
[BlackElo "1958"]
[PlyCount "76"]
[EventDate "2009.11.08"]
[EventType "team-tourn"]
[EventRounds "11"]
[EventCountry "HUN"]
[SourceTitle "EXT 2011"]
[Source "ChessBase"]
[SourceDate "2010.11.26"]
[SourceVersion "1"]
[SourceVersionDate "2010.11.26"]
[SourceQuality "1"]
[WhiteTeam "Mezokovesd"]
[BlackTeam "Kazincbarcika"]
[WhiteTeamCountry "HUN"]
[BlackTeamCountry "HUN"]

1. e4 e6 2. d4 d5 3. exd5 exd5 4. Bd3 Bd6 5. Ne2 Qf6 6. Nbc3 Ne7 7. Be3 c6 8. Qd2 h6 9. Bf4 Bf5 10. Bxd6 Qxd6 11. Qf4 Qxf4 12. Nxf4 Bxd3 13. Nxd3 Nf5 14. Ne2 Nd7 15. 0-0 0-0-0 16. Rfe1 Rde8 17. c3 Re4 18. Ng3 Nxg3 19. hxg3 Rhe8 20. Rxe4 dxe4 21. Re1 Kd8 22. Nf4 f5 23. Nh5 g6 24. Nf4 g5 25. Nh5 Re7 26. Kf1 Nb6 27. Ke2 Ke8 28. Kd2 Nc4+ 29. Kc2 Nd6 30. d5 c5 31. b3 Kf7 32. Kd2 Kg6 33. Rh1 b5 34. f4 g4 35. Nf6 Rb7 36. a3 Kxf6 37. Rxh6+ Ke7 38. Rh7+ Nf7 0-1

[Event "HUN-chT2 Barcza 0910"]
[Site "Hungary"]
[Date "2009.11.08"]
[Round "1.4"]
[White "Balogh, Sandor"]
[Black "Csatlos, Roland"]
[Result "1-0"]
[WhiteElo "2193"]
[BlackElo "1958"]
[PlyCount "59"]
[EventDate "2009.11.08"]
[EventType "team-tourn"]
[EventRounds "11"]
[EventCountry "HUN"]
[SourceTitle "EXT 2011"]
[Source "ChessBase"]
[SourceDate "2010.11.26"]
[SourceVersion "1"]
[SourceVersionDate "2010.11.26"]
[SourceQuality "1"]
[WhiteTeam "Debrecen Betu"]
[BlackTeam "Kazincbarcika"]
[WhiteTeamCountry "HUN"]
[BlackTeamCountry "HUN"]

1. e4 e6 2. d4 d5 3. Nc3 Bb4 4. Nge2 dxe4 5. a3 Bxc3+ 6. Nxc3 f5 7. f3 exf3 8. Qxf3 Nf6 9. Be3 Nbd7 10. Bc4 Nb6 11. Bb3 0-0 12. 0-0-0 Nbd5 13. Bg5 Nxc3 14. bxc3 Qd6 15. Kb2 Ne4 16. Bf4 Qb6 17. g4 Kh8 18. gxf5 exf5 19. Be5 Nf6 20. Rhg1 Be6 21. d5 Bxd5 22. Qg3 Rg8 23. Rxd5 f4 24. Qg5 f3 25. Bd4 c5 26. Rxc5 f2 27. Bxf2 Ne4 28. Qf5 Rae8 29. Rb5 Qxf2 30. Qxh7+ 1-0

[Event "HUN-chT U18"]
[Site "Miskolc"]
[Date "2009.10.28"]
[Round "4.25"]
[White "Samok, Csaba"]
[Black "Csatlos, Roland"]
[Result "0-1"]
[WhiteElo "1644"]
[BlackElo "1958"]
[PlyCount "88"]
[EventDate "2009.10.26"]
[EventType "team-swiss"]
[EventRounds "8"]
[EventCountry "HUN"]
[SourceTitle "EXT 2016"]
[Source "ChessBase"]
[SourceDate "2015.10.08"]
[SourceVersion "1"]
[SourceVersionDate "2015.10.08"]
[SourceQuality "1"]

1. d4 e6 2. c4 b6 3. Nc3 Bb7 4. e4 Bb4 5. Nge2 Bxe4 6. a3 Bxc3+ 7. Nxc3 Bb7 8. b4 f5 9. c5 Nf6 10. Bg5 0-0 11. Qd2 Nc6 12. Be2 h6 13. Bxf6 Qxf6 14. 0-0-0 bxc5 15. dxc5 Ne5 16. Rhg1 d6 17. Qd4 Rad8 18. f4 Ng4 19. Qxf6 gxf6 20. Bxg4 fxg4 21. cxd6 Rxd6 22. g3 Bf3 23. Rxd6 cxd6 24. Re1 Kf7 25. Nb5 Ke7 26. Nd4 e5 27. fxe5 fxe5 28. Nb3 Kf6 29. Kd2 Rc8 30. Rc1 Rxc1 31. Nxc1 d5 32. Nd3 d4 33. b5 Ke6 34. a4 Kd5 35. Nb4+ Kc5 36. Nd3+ Kd6 37. Nb4 Be4 38. Na6 Bg2 39. Nb4 Bd5 40. Nd3 e4 41. Nb4 Kc5 42. Na6+ Kc4 43. Nb8 e3+ 44. Ke1 d3 0-1

[Event "HUN-chT U18"]
[Site "Miskolc"]
[Date "2009.10.27"]
[Round "2.18"]
[White "Pajor, Matyas"]
[Black "Csatlos, Roland"]
[Result "0-1"]
[WhiteElo "1730"]
[BlackElo "1958"]
[PlyCount "110"]
[EventDate "2009.10.26"]
[EventType "team-swiss"]
[EventRounds "8"]
[EventCountry "HUN"]
[SourceTitle "EXT 2016"]
[Source "ChessBase"]
[SourceDate "2015.10.08"]
[SourceVersion "1"]
[SourceVersionDate "2015.10.08"]
[SourceQuality "1"]

1. e4 e6 2. d4 d5 3. exd5 exd5 4. c3 Bd6 5. Bd3 Nf6 6. Bg5 0-0 7. h3 h6 8. Be3 Re8 9. Ne2 Ne4 10. Bxe4 dxe4 11. Nd2 b6 12. Qc2 f5 13. Nc4 Ba6 14. Nxd6 cxd6 15. 0-0-0 Bc4 16. b3 Ba6 17. d5 Bxe2 18. Qxe2 Nd7 19. Kb2 Ne5 20. Rd2 Rc8 21. Rc1 Nd3+ 22. Rxd3 exd3 23. Qxd3 Qf6 24. g3 Qg6 25. Rc2 Qh5 26. Bf4 Qf7 27. Rd2 Qf6 28. Be3 Re7 29. Bd4 Qg5 30. Be3 Qf6 31. Bd4 Qf7 32. Be3 Qh5 33. Bf4 Qg6 34. Be3 Rec7 35. Rc2 Rb7 36. Qa6 Qf7 37. Qd3 Qd7 38. Rc1 a5 39. Rc2 b5 40. Kc1 Ra8 41. Kd2 Qf7 42. Bf4 Qd7 43. Be3 b4 44. c4 a4 45. h4 Rbb8 46. Bd4 Re8 47. Be3 axb3 48. axb3 Ra1 49. Rc1 Ra2+ 50. Rc2 Ra3 51. Rb2 Ra1 52. Rc2 f4 53. gxf4 Qg4 54. Rc1 Rea8 55. Qe2 R8a2+ 0-1

[Event "HUN-ch U14"]
[Site "Balatonlelle"]
[Date "2009.07.05"]
[Round "9"]
[White "Csatlos, Roland"]
[Black "Bodi, Tibor"]
[Result "1-0"]
[WhiteElo "1931"]
[BlackElo "1886"]
[PlyCount "47"]
[EventDate "2009.06.27"]
[EventType "swiss"]
[EventRounds "9"]
[EventCountry "HUN"]
[SourceTitle "EXT 2011"]
[Source "ChessBase"]
[SourceDate "2010.11.26"]
[SourceVersion "1"]
[SourceVersionDate "2010.11.26"]
[SourceQuality "1"]

1. d4 f5 2. Nc3 Nf6 3. Bg5 g6 4. Bxf6 exf6 5. e3 d5 6. Bd3 c6 7. Qf3 Be6 8. Nge2 Qb6 9. g4 Nd7 10. gxf5 gxf5 11. Bxf5 Bxf5 12. Qxf5 0-0-0 13. 0-0-0 Bb4 14. a3 Bd6 15. Rdg1 Qc7 16. h4 b5 17. Rg7 h6 18. Rhg1 a5 19. Rf7 b4 20. axb4 axb4 21. Na4 b3 22. Rgg7 Qa5 23. Nec3 Qa6 24. Rxd7 1-0

[Event "HUN-ch U14"]
[Site "Balatonlelle"]
[Date "2009.06.28"]
[Round "2"]
[White "Csatlos, Roland"]
[Black "Mikulas, Robert"]
[Result "1-0"]
[WhiteElo "1931"]
[BlackElo "1491"]
[PlyCount "67"]
[EventDate "2009.06.27"]
[EventType "swiss"]
[EventRounds "9"]
[EventCountry "HUN"]
[SourceTitle "EXT 2011"]
[Source "ChessBase"]
[SourceDate "2010.11.26"]
[SourceVersion "1"]
[SourceVersionDate "2010.11.26"]
[SourceQuality "1"]

1. d4 Nf6 2. Nf3 g6 3. c4 Bg7 4. Nc3 d6 5. e4 0-0 6. Be3 e5 7. h3 Nc6 8. d5 Ne7 9. Be2 Ne8 10. 0-0 f5 11. Ne1 f4 12. Bd2 Nf6 13. Rc1 Kh8 14. b4 b6 15. Nd3 c5 16. dxc6 Nxc6 17. f3 Nd4 18. Nb5 Nxb5 19. cxb5 Re8 20. Bc3 Nh5 21. Re1 Qg5 22. Nf2 Bf8 23. Bc4 Be6 24. Bxe6 Rxe6 25. Qd5 Ree8 26. Ba1 Be7 27. Rc7 Qf6 28. Rec1 Ng3 29. Ng4 Qg7 30. R1c6 h5 31. Nxe5 Qg8 32. Nxg6+ Kh7 33. Nxe7 Qxd5 34. Nxd5+ 1-0